Pracovná motivácia zamestnancov podniku ako východisko tvorby systému odmeňovania v podniku diplomová práca

Gespeichert in:
Bibliographische Detailangaben
1. Verfasser: Hameršmidová, Lenka
Körperschaft: Fakulta podnikového manažmentu EU. Katedra manažmentu
Weitere Verfasser: Blštáková, Jana, 1980-
Format: Buch
Sprache:Slowakisch
Veröffentlicht: Bratislava 2011
Tags: Tag hinzufügen
Keine Tags, Fügen Sie das erste Tag hinzu!

MARC

LEADER 00000nbm a2200000 4500
001 0131544
005 20170315090421.3
041 0 |a slo 
044 |a SK 
245 1 0 |a Pracovná motivácia zamestnancov podniku ako východisko tvorby systému odmeňovania v podniku  |b diplomová práca  |c Lenka Hameršmidová ; školiteľ: Jana Blštáková 
264 1 |a Bratislava  |c 2011 
300 |a 67 s. 
100 1 |a Hameršmidová, Lenka 
700 1 |a Blštáková, Jana, 1980- 
710 2 |a Fakulta podnikového manažmentu EU. Katedra manažmentu